00391nam a22001217a 450000500170000000800410001704000130005808200230007110000200009424500900011426000540020430000110025820260310092521.0170724b xxu||||| |||| 00| 0 eng d cPK-LaUMT aZIAC 297.05bASA-A aAsad , Muhammad aArafat (vol.1, no. 1-5) : ba monthly critique of Muslim thought /cby Muhammad Asad  aDalhousie, Panjab :bRipon Printing Press, c1946 a159 p.